000 nam a22 4500
999 _c9284
_d9284
008 180427b ||||| |||| 00| 0 eng d
100 _927644
_aYuvienco, Jemps Gallegos
245 _aHow to raise nutrition-smart kids/
_cJemps Gallegos Yuvienco
260 _aPhilippines
_bPhilippine Daily Inquirer
_cc2016
300 _apage C3.
650 0 _927645
_aNutrition.
942 _2ddc
_cPER